<?xml version="1.0" encoding="UTF-8"?>
<marc:record xmlns:marc="http://www.loc.gov/MARC21/slim">
   <marc:leader>00000nam a2200000 a 4500</marc:leader>
   <marc:datafield ind1="1" ind2=" " tag="100">
      <marc:subfield code="a">Prinz, Jago</marc:subfield>
      <marc:subfield code="4">aut</marc:subfield>
      <marc:subfield code="e">Verfasser/-in</marc:subfield>
   </marc:datafield>
   <marc:datafield ind1=" " ind2=" " tag="653">
      <marc:subfield code="a">Mozart, Wolfgang Amadeus</marc:subfield>
   </marc:datafield>
   <marc:datafield ind1=" " ind2=" " tag="653">
      <marc:subfield code="a">Musiker</marc:subfield>
   </marc:datafield>
   <marc:datafield ind1=" " ind2=" " tag="653">
      <marc:subfield code="a">Musik</marc:subfield>
   </marc:datafield>
   <marc:datafield ind1=" " ind2=" " tag="653">
      <marc:subfield code="a">Autor &lt;Österreich&gt;</marc:subfield>
   </marc:datafield>
   <marc:datafield ind1=" " ind2=" " tag="653">
      <marc:subfield code="a">Autor &lt;Salzburg&gt;</marc:subfield>
   </marc:datafield>
   <marc:datafield ind1="0" ind2="0" tag="245">
      <marc:subfield code="a">Mozarts letztes Requiem</marc:subfield>
   </marc:datafield>
   <marc:datafield ind1="0" ind2="0" tag="245">
      <marc:subfield code="b">Kriminalroman</marc:subfield>
   </marc:datafield>
   <marc:datafield ind1=" " ind2="1" tag="264">
      <marc:subfield code="b">Pustet Verlag</marc:subfield>
      <marc:subfield code="c">2020</marc:subfield>
   </marc:datafield>
   <marc:datafield ind1="1" ind2=" " tag="520">
      <marc:subfield code="a">Kann Musik töten?
Diese Frage steht im Zentrum einer Serie unerklärlicher Morde im winterlichen Salzburg. Nach dem Tod des Chefdirigenten der Salzburger Philharmoniker während der Aufführung von Mozarts Requiem in der Peterskirche nimmt Chefinspektor Nathan Stiller die Ermittlungen auf. Doch jedes Mal, wenn er einen Verdächtigen ins Visier genommen hat, verstirbt dieser, noch bevor er ihn überführen kann. Da können weder die wissenschaftlichen Analysen des Leiters der Gerichtsmedizin noch die bizarren Geistesblitze von Stillers Assistenten oder die profunde Quellenkenntnis einer Antiquarin weiterhelfen. Denn hinter der Mordserie steckt ein mysteriöses Todeswerk, das weniger einen kriminellen als einen künstlerischen Ursprung hat. Was auf den ersten Blick wie ein gewöhnlicher Kriminalfall aussieht, entwickelt sich zu einer packenden Geschichte über die Macht der Musik und über den Sinn von Leben und Tod.</marc:subfield>
   </marc:datafield>
   <marc:datafield ind1=" " ind2=" " tag="020">
      <marc:subfield code="a">9783702509699</marc:subfield>
      <marc:subfield code="9">9783702509699</marc:subfield>
   </marc:datafield>
</marc:record>
